000 00292nam a2200121Ia 4500
008 231129s9999||||xx |||||||||||||| ||spa||
040 _bspa
082 _aR 970.011 N885
100 _aNorton Leonard Jonathan
245 0 _aAmerica precolombina
264 _aTime-Life Books
942 _2ddc
_cBKS
999 _c4950
_d4950